000 00606cam a22002291 4500
001 sa 64009034
003 DLC
005 20260227112058.0
008 900112s1964 ii a b 000 0 hino
010 _asa 64009034
035 _a(OCoLC)20881485
040 _aDLC
_cWaU
_dDLC
042 _apremarc
050 0 0 _aPK1939
_b.U7
100 1 _aUpraitiḥ, Murārī Lāla.
245 1 0 _aHindī meṃ pratyaya-vicāra.
260 _c[1964]
300 _a17, 380 p.
_bcol. illus.
_c23 cm.
500 _aIn Hindi.
504 _aBibliography: p. 377-380.
650 0 _aHindi language
_xSuffixes and prefixes.
999 _c61206
_d61206